Diputació de Barcelona : qui som qui som
Descripción Física:
1 f. plegat ; 21 cm
MARC
| LEADER | 00000nam a2200000Ia 4500 | ||
|---|---|---|---|
| 001 | 21408 | ||
| 008 | 160829s2008 xx 000 0 cat d | ||
| 080 | |a FU-39-59 | ||
| 110 | 1 | |a Barcelona (Catalunya : Província). |b Diputació |9 52408 | |
| 245 | |a Diputació de Barcelona : |b qui som | ||
| 260 | |a Barcelona : |b la Diputació, |c 2008 | ||
| 300 | |a 1 f. plegat ; |c 21 cm | ||
| 590 | |a Setembre 2008 | ||
| 610 | 1 | 0 | |a Barcelona (Catalunya : Província). |b Diputació |9 52408 |
| 901 | |a Arxiu | ||
| 942 | |n 1 | ||
| 952 | |0 0 |1 0 |4 0 |6 FU3959 |7 1 |9 51963 |a Arxiu |b Arxiu |d 2016-12-01 |l 0 |o FU-39-59 |p 21408 |r 2016-12-01 00:00:00 |w 2016-12-01 |y ARXIU | ||
| 999 | |c 55810 |d 55810 | ||